01951nam a2200493 i 450000100060000000300080000600500170001400600190003100700150005000800410006502000180010602000270012403500230015103500240017403500250019803500210022304000310024405000220027508000100029708200160030710000310032324501170035426400380047130000450050933600310055433700330058533800430061849000970066150000230075850400290078158801250081059001590093565000230109465000350111765000210115265000270117365000150120065000190121565500270123479700190126183000980128085600620137899900170144027109FlNmELB20241216215944.0m o d | cr cnu||||||||160407s2013 sp ob 001 0 spa d z9788416067831 a9788416629435 (e-book) a(MiAaPQ)EBC4421896 a(Au-PeEL)EBL4421896 a(CaPaEBR)ebr11162031 a(OCoLC)984786058 aFINmELBbspaerdacFINmELB 4aQA76.6bP944 2013 a004.40 a001.6422231 aPérez Amil, Juan José.10aRecopilación y tratamiento de la información con procesadores de texto (UF0327) /cJuan José Pérez Amil. 1aMálaga :bIC Editorial,c[2013] a1 recurso en línea (iv, 227 páginas) atextobtxt2rdacontent/spa acomputadorabc2rdamedia/spa arecurso en líneabcr2rdacarrier/spa1 aCertificado de profesionalidad. Asistencia documental y de gestión en despachos y oficinas aContiene índice. aContiene bibliografía. aDescripción basada en recurso en línea; Título de la página del título en PDF (e-libro, visto April 07, 2016). aRecurso electronico. Santa Fe, Arg. : e-libro, 2016. Disponible via World Wide Web. El acceso puede ser limitado para las bibliotecas afiliadas a e-libro. 0aComputer programs. 4aProgramación de ordenadores. 0aWord processors. 4aProcesadores de texto. 0aComputers. 4aInformática. 4aLibros electrónicos.2 ae-libro, Corp. 0aCertificado de profesionalidad. Asistencia documental y de gestión en despachos y oficinas.40uhttps://elibro.net/ereader/politecnicointernacional/44536 c27109d27109